000 00446nam a2200181Ia 4500
001 19577
005 20260306172703.0
008 260306t2017||||xx |||||||||||||| ||spa||
041 _aESP
082 _a340.7
_bE373 N° 5
100 _aWieland Fernandini, Patrick
_eAUT
245 0 _aIntroducción al derecho ambiental
260 _c2017
300 _a203 páginas :
_c20 cm.
650 _aGEN
654 _aCDE
942 _cLIB
_dJUS
_fJUS
_2ddc
_n
999 _c19577
_d19577